00349nam a2200133Ia 4500008004100000041000800041082001200049100001500061245004500076250001400121260003700135300003200172365001100204240624s9999 xx 000 0 und d aeng a330 TRI aTRIBE JOHN aECONOMICS OF RECREATION LEISURE AND TOUR a(4th ed.) c2014aNew DelhibRoutledge India aviii, : 500 : p. : cm. ; 23 cRSb30